Holiday Quiz

Random Holiday or Christmas Quiz

Complete the Christmas Song... With a Picture Quiz Stats

 Plays Quiz Updated Dec 19, 2018

Score 0/20 Timer 05:00
1 Play Today
% Correct
Rudolph the Red-Nosed
REINDEER
95.7%
Frosty the SNOWMAN
95.2%
Jingle BELLS
94.3%
The Christmas Song
(CHESTNUTS Roasting on
an Open Fire)
93.8%
O Little Town of
BETHLEHEM
92%
DECK the Halls
91.9%
You're a Mean One,
Mr. GRINCH
91.1%
Silent NIGHT
91.1%
Go Tell It on the MOUNTAIN
88.5%
Baby, It's COLD Outside
85.8%
% Correct
It's the Most Wonderful
TIME of the Year
84.7%
Hark! The Herald
ANGELS Sing
83.6%
The Little DRUMMER Boy
78.6%
Parade of the
Wooden SOLDIERS
76.8%
We Three KINGS
of Orient Are
74.5%
Let It SNOW! Let It SNOW!
Let It SNOW!
73.1%
The HOLLY and the Ivy
72%
I Saw Three SHIPS
71.3%
The First NOEL
67.9%
Have Yourself a
MERRY Little Christmas
66.9%

You're not logged in!

Compare scores with friends on all Sporcle quizzes.
OR
Log In

You Might Also Like...

Show Comments

Extras

Top Quizzes Today


Score Distribution

Your Account Isn't Verified!

In order to create a playlist on Sporcle, you need to verify the email address you used during registration. Go to your Sporcle Settings to finish the process.

Report this User

Report this user for behavior that violates our Community Guidelines.

Details: